The twelve absolutes of leadership / (Record no. 495)
[ view plain ]
| 000 -LEADER | |
|---|---|
| fixed length control field | 00507nam a22001937a 4500 |
| 005 - DATE AND TIME OF LATEST TRANSACTION | |
| control field | 20150520104603.0 |
| 008 - FIXED-LENGTH DATA ELEMENTS--GENERAL INFORMATION | |
| fixed length control field | 111027s2012 nyua b 001 0 eng |
| 020 ## - INTERNATIONAL STANDARD BOOK NUMBER | |
| International Standard Book Number | 9780071787123 |
| 024 #0 - OTHER STANDARD IDENTIFIER | |
| Terms of availability | eng |
| 080 ## - UNIVERSAL DECIMAL CLASSIFICATION NUMBER | |
| Universal Decimal Classification number | 316.46 |
| 100 1# - Rafti | |
| Rafti | Burnison, Gary, |
| 245 14 - TITLE STATEMENT | |
| Title | The twelve absolutes of leadership / |
| Statement of responsibility, etc | Gary Burnison. |
| 250 ## - | |
| -- | 1 st.ed.: |
| 260 ## - | |
| -- | New York : |
| -- | McGraw-Hill, |
| -- | 2012. |
| 300 ## - | |
| -- | 214 f. : |
| -- | me il.; |
| -- | 23 cm. |
| 504 ## - BIBLIOGRAPHY, ETC. NOTE | |
| Bibliography, etc | Index f. 209-214 |
| 650 #0 - | |
| -- | Udhëheqja |
| 942 ## - ADDED ENTRY ELEMENTS (KOHA) | |
| Source of classification or shelving scheme | |
| Item type | Books |
| Withdrawn status | Lost status | Source of classification or shelving scheme | Damaged status | Not for loan | Collection code | Permanent location | Current location | Shelving location | Date acquired | Total Checkouts | Full call number | Barcode | Date last seen | Koha item type |
|---|---|---|---|---|---|---|---|---|---|---|---|---|---|---|
| Koleksioni i përgjithshem | UBT - Ferizaj | UBT - Ferizaj | Koleksioni i përgjithshem | 06/21/2014 | 008 PAR | 003000664 | 06/21/2014 | Books | ||||||
| Koleksioni i përgjithshem | UBT - Ferizaj | UBT - Ferizaj | Koleksioni i përgjithshem | 06/21/2014 | 008 PAR | 003000665 | 06/21/2014 | Books | ||||||
| Koleksioni i përgjithshem | UBT - Ferizaj | UBT - Ferizaj | Koleksioni i përgjithshem | 06/21/2014 | 008 PAR | 003000666 | 06/21/2014 | Books | ||||||
| Koleksioni i përgjithshem | UBT - Ferizaj | UBT - Ferizaj | Koleksioni i përgjithshem | 06/21/2014 | 008 PAR | 003000667 | 06/21/2014 | Books | ||||||
| Koleksioni i përgjithshem | UBT - Ferizaj | UBT - Ferizaj | Koleksioni i përgjithshem | 06/21/2014 | 008 PAR | 003000668 | 06/21/2014 | Books | ||||||
| Koleksioni i përgjithshem | UBT - Ferizaj | UBT - Ferizaj | Koleksioni i përgjithshem | 06/21/2014 | 008 PAR | 003000669 | 06/21/2014 | Books | ||||||
| Koleksioni i përgjithshem | UBT - Ferizaj | UBT - Ferizaj | Koleksioni i përgjithshem | 06/21/2014 | 008 PAR | 003000670 | 06/21/2014 | Books | ||||||
| Koleksioni i përgjithshem | UBT - Ferizaj | UBT - Ferizaj | Koleksioni i përgjithshem | 06/21/2014 | 008 PAR | 003000671 | 06/21/2014 | Books | ||||||
| Koleksioni i përgjithshem | UBT - Ferizaj | UBT - Ferizaj | Koleksioni i përgjithshem | 06/21/2014 | 008 PAR | 003000672 | 06/21/2014 | Books | ||||||
| Koleksioni i përgjithshem | UBT - Ferizaj | UBT - Ferizaj | Koleksioni i përgjithshem | 06/21/2014 | 008 PAR | 003000673 | 06/21/2014 | Books |